LIBRARY & INFORMATION CENTRE, KCAET, TAVANUR

ONLINE PUBLIC ACCESS CATALOGUE (OPAC)

Aerodynamics / (Record no. 7528)

MARC details
000 -LEADER
fixed length control field 00438cam a2200181ua 4500
041 ## - LANGUAGE CODE
Language code of text/sound track or separate title eng
082 ## - DEWEY DECIMAL CLASSIFICATION NUMBER
Classification number 533.62
Item number KRA/AE
100 ## - MAIN ENTRY--AUTHOR NAME
Personal name Krasnov, N F .
245 ## - TITLE STATEMENT
Title Aerodynamics /
250 ## - EDITION STATEMENT
Edition statement 1 /
260 ## - PUBLICATION, DISTRIBUTION, ETC. (IMPRINT)
Place of publication New Delhi :
Name of publisher Amerind Publishing Co Pvt Ltd ,
Year of publication 1978.
300 ## - PHYSICAL DESCRIPTION
Number of Pages 740 ; .
942 ## - ADDED ENTRY ELEMENTS (KOHA)
Koha item type Books
Holdings
Withdrawn status Lost status Damaged status Home library Current library Date acquired Full call number Accession Number Koha item type
      KAUAET KAUAET 07/04/2012 533.62 KRA/AE 16958 Books
free website counter